书目信息 |
| 书名: | Wally's stories | |
| 作者: | Vivian Gussin Paley. | |
| 分册号: | ||
| 分册名: | 出版地: | Cambridge, Mass. : |
|
| 出版社: | Harvard University Press | |
| 出版时间: | c1981. | |
| 页数: | 223 p. ; | |
| 开本: | 22 cm. | |
| 丛书名: | ||
| 中图分类号: | ||
| 科图分类号: | ||
| 其他分类号: | G618 | |
| 主题词: | ||
| 电子资源: | ||
| 000 | 00796nam 2200253 a 4500 | |
| 001 | E0730105375 | |
| 005 | 20070517082303.57 | |
| 008 | 021121s1981 mau 000 0 eng d | |
| 020 | @a067494593X (pbk.). | |
| 040 | @aSIN@beng@cSIN | |
| 090 | @aG618 | |
| 092 | @aCN@bJZ02-035@aCN@b社-573 | |
| 093 | @aG618 @2 4 | |
| 099 | @dG618@ex27 | |
| 100 | 1 | @aPaley, Vivian Gussin,@d1929- |
| 245 | 10 | @aWally's stories / @cVivian Gussin Paley. |
| 246 | 14 | @aWally's stories :@bconversations in the kindergarten |
| 260 | @aCambridge, Mass. :@bHarvard University Press,@cc1981. | |
| 300 | @a223 p. ;@c22 cm. | |
| 650 | 0 | @aLearning strategies. |
| 650 | 0 | @aCreative thinking. |
| 650 | 0 | @aKindergarten@xMethods and manuals. |
| 700 | @aPaley, Vivian Gussin, | |
| 920 | @a232010@z2 | |
| Wally's stories / / Vivian Gussin Paley.-Cambridge, Mass. : : Harvard University Press, , c1981. |
| 223 p. ; ; 22 cm. |
| ISBN 067494593X (pbk.). |
| ● |
| 相关链接 |
|
|
|
|
正题名:Wally's stories
索取号:G618/x27
 
预约/预借
| 序号 | 登录号 | 条形码 | 馆藏地/架位号 | 状态 | 备注 |
| 1 | 10043 | 300100432 | 第二样本阅览室/ [索取号:G618/x27] | 在馆 | |
| 2 | 10044 | 300100441 | 第四借阅区/ [索取号:G618/x27] | 在馆 | |
| 3 | 10045 | 300100450 | 第四借阅区/ [索取号:G618/x27] | 在馆 |